000 00879nam a2200241 a 4500
999 _c12323
_d12323
001 12323
003 BD-JhCC
005 20221020134024.0
008 210601s2018 bg |||| |||| 000 0 ben d
020 _a9789845033176
035 _a(BD-JhCC)12323
040 _aBD-JhCC
_dBD-JhCC
041 _aben
082 _a823.914
_bROY 2018
100 _aরায়, অরুন্ধতী
245 _aদ্য মিনিস্ট্রি অফ আটমোস্ট হ্যাপিনেস /
_cঅরুন্ধতী রায়; প্রমিত হোসেন (অনু.)
260 _aঢাকা :
_bঅন্যধারা,
_c২০১৮
300 _a৪৫৫ পৃ. :
_c২১ সেমি.
650 _aInterpersonal relations
_zIndia--Delhi
650 _aSelf-realization
700 _aহোসেন, প্রমিত
942 _2ddc
_cBK
_02